[Event "Indywidualne Mistrzostwa Polski Juniorek - D16"]
[Site "Szczyrk"]
[Date "2013-03-24"]
[Round "2.5"]
[White "Bebnik, Malgorzata"]
[Black "Murawko, Katarzyna"]
[Result "1-0"]
[WhiteTitle "II+"]
[BlackTitle "I++"]
[WhiteElo "1503"]
[BlackElo "1873"]

1. d4 Nf6 2. c4 d6 3. Nc3 Nbd7 4. e4 e5 5. d5 Be7 6. f4 O-O 7. Nf3 Re8 8. Bd3 Nc5
9. O-O c6 10. Kh1 Qc7 11. b4 Nxd3 12. Qxd3 Nd7 13. a3 f6 14. f5 Nf8 15. g4 h6
16. Rg1 Bd7 17. h4 Nh7 18. g5 hxg5 19. hxg5 Nxg5 20. Bxg5 fxg5 21. Nxg5 Bf6 22.
Qh3 Qd8 23. Qh5 Bxg5 24. Rxg5 Qf6 25. Rag1 Re7 26. Qh4 Rf8 27. R1g2 Bc8 28. Rh2
Rd7 29. Qh8+ Kf7 30. Qh5+ Ke7 31. Rg6 Qf7 32. Qg5+ Ke8 33. Re6+ Re7 34. Rxd6 Bd7
35. Nb1 Kd8 36. Nd2 Kc7 37. Rg6 Kc8 38. Nb3 Be8 39. Na5 Rc7 40. Rd6 Re7 41. dxc6
b6 42. Qd2 Kc7 43. Rd8 Qf6 44. b5 Bh5 45. Rd7+ Kc8 46. Rxh5 bxa5 47. Qxa5 Rxd7
48. cxd7+ Kxd7 49. Qxa7+ Ke8 50. Qa8+ Kf7 51. Qd5+ Ke7 52. c5 Rd8 53. Qb7+ Rd7
54. Qc6 Qf7 55. Qe6+ Qxe6 56. fxe6 Kxe6 57. Rh3 Rd1+ 58. Kg2 Rc1 59. c6 Rb1 60.
c7 Kd7 61. Rc3 Kc8 62. Rc5 Rb3 63. a4 Rb4 64. Rxe5 Kxc7 65. a5 Kd6 66. Rd5+ Ke6
67. Kf3 1-0

[Event "Indywidualne Mistrzostwa Polski Juniorek - D16"]
[Site "Szczyrk"]
[Date "2013-03-24"]
[Round "2.6"]
[White "Gora, Antonina"]
[Black "Ziemba, Magdalena"]
[Result "1/2-1/2"]
[WhiteTitle "I++"]
[BlackTitle "I"]
[WhiteElo "1831"]
[BlackElo "1537"]

1. e4 e6 2. d4 d5 3. Nd2 c5 4. exd5 exd5 5. Ngf3 Nf6 6. c3 Nc6 7. Nb3 c4 8. Nbd2
Bd7 9. h3 Bd6 10. Be2 O-O 11. O-O Re8 12. Re1 Ne4 13. Nxe4 Rxe4 14. Nd2 Re8 15.
Nf1 Qh4 16. Bf3 Rxe1 17. Qxe1 Re8 18. Qd2 Be6 19. Qg5 Qxg5 20. Bxg5 f6 21. Bd2
Bf7 22. Ne3 Ne7 23. Rb1 b5 24. g3 Rb8 25. Re1 b4 26. Ng2 bxc3 27. Bxc3 Kf8 28.
a3 Ke8 29. Ne3 Kd7 30. Kg2 Bc7 31. Bg4+ Kd8 32. Bf3 Bb6 33. Nc2 a5 34. Ne3 Kd7
35. Bg4+ Kd6 36. Re2 g6 37. Nc2 Nc6 38. h4 Re8 39. f4 Rxe2+ 40. Bxe2 Be6 41. g4
Na7 42. Bd1 Bd7 43. Kf3 Ba4 44. Ne3 Bxd1+ 45. Nxd1 Nc6 46. Ke3 h6 47. Nf2 Ne7
48. Kf3 h5 49. Nh1 hxg4+ 50. Kxg4 Nf5 51. h5 Nh6+ 52. Kh4 gxh5 53. Ng3 Ke6 54.
Kxh5 Nf5 55. Ne2 Ne3 56. Kg6 Nf5 57. Kh5 Kf7 58. a4 Kg7 59. Kg4 Kg6 60. Kf3 Nd6
61. Kg4 f5+ 62. Kf3 Ne4 63. Ng3 Nxg3 64. Kxg3 Kh5 1/2-1/2

[Event "Indywidualne Mistrzostwa Polski Juniorek - D16"]
[Site "Szczyrk"]
[Date "2013-03-24"]
[Round "2.8"]
[White "Kopica, Paulina"]
[Black "Wicikowska, Agata"]
[Result "1-0"]
[WhiteTitle "I"]
[BlackTitle "I"]
[WhiteElo "1706"]
[BlackElo "1495"]

1. e4 c5 2. Nf3 Nc6 3. Nc3 d6 4. d4 cxd4 5. Nxd4 e5 6. Nb3 Nf6 7. Be3 Be6 8. f3
d5 9. exd5 Nxd5 10. Nxd5 Bxd5 11. Bd3 Be7 12. O-O O-O 13. c3 Rc8 14. Qe2 Qc7 15.
Bxh7+ Kxh7 16. Qd3+ f5 17. Qxd5 Rcd8 18. Qb5 Rd7 19. Rad1 Rfd8 20. Qe2 f4 21.
Bf2 Rd6 22. Rxd6 Rxd6 23. Rd1 Rh6 24. Qd3+ Rg6 25. Qf5 Bd6 26. Qe4 Qe7 27. g3
Kh6 28. Kh1 Re6 29. Re1 Rf6 30. Qd5 g5 31. Nd2 Qe6 32. Qxe6 Rxe6 33. gxf4 gxf4
34. Ne4 Bb8 35. Bh4 Kg6 36. Rd1 b6 37. Kg2 Ne7 38. Bxe7 Rxe7 39. Rd8 Bc7 40. Rd5
Rg7 41. Rd1 Kh5+ 42. Kh3 Kh6 43. Rd2 Re7 44. a4 Kg6 45. b4 Kf5 46. c4 Rh7+ 47.
Kg2 Rg7+ 48. Kf2 Rh7 49. Ke1 Rg7 50. Kf1 Ke6 51. c5 Rd7 52. Rxd7 Kxd7 53. h4 Bd8
54. h5 Ke6 55. Kg2 Kf5 56. c6 Bc7 57. Nc3 1-0

[Event "Indywidualne Mistrzostwa Polski Juniorek - D16"]
[Site "Szczyrk"]
[Date "2013-03-24"]
[Round "2.9"]
[White "Jaskiewicz, Kamila"]
[Black "Fraczek, Weronika"]
[Result "1-0"]
[WhiteTitle "I"]
[BlackTitle "II+"]
[WhiteElo "1663"]
[BlackElo "1435"]

1. c4 e5 2. g3 Nc6 3. Bg2 g6 4. Nc3 Bg7 5. Nf3 f5 6. d3 Nge7 7. O-O O-O 8. Rb1
d6 9. a3 Be6 10. Qc2 h6 11. b4 d5 12. cxd5 Nxd5 13. Bb2 a6 14. Na4 Bf7 15. Nc5
Qc8 16. Rfc1 Re8 17. Nxb7 Ncxb4 18. axb4 Qxb7 19. Ba3 Rac8 20. Nd2 c6 21. Nc4
Qd7 22. Qa4 e4 23. dxe4 fxe4 24. Bb2 Bxb2 25. Rxb2 Re6 26. Bh3 e3 27. Nxe3 Nxe3
28. fxe3 Qa7 29. Rc5 Rd8 30. Bxe6 Bxe6 31. Qxc6 Rd1+ 32. Kg2 Qf7 33. Qf3 Bd5 34.
Rxd5 Qxd5 35. Qxd5+ Rxd5 36. Ra2 Rd6 37. Kf3 Kf7 38. h4 Ke6 39. Ke4 Rb6 40. Ra4
Kd6 41. Kd4 Kc6 42. Kc4 Kb7 43. e4 Kc6 44. Ra5 Kd6 45. e3 Rc6+ 46. Rc5 Rb6 47.
g4 Ke6 48. e5 h5 49. gxh5 gxh5 50. e4 Rb8 51. Rc6+ Kxe5 52. Rxa6 Kxe4 53. Rh6
Rc8+ 54. Kb3 Kd3 55. Rxh5 Rc3+ 56. Ka4 Rc4 57. Ka5 Rc8 58. b5 Kc4 59. Ka6 Ra8+
60. Kb7 Ra5 61. Rg5 Ra1 62. b6 Rf1 63. h5 Rf7+ 64. Ka8 Rf8+ 65. Ka7 1-0

[Event "Indywidualne Mistrzostwa Polski Juniorek - D16"]
[Site "Szczyrk"]
[Date "2013-03-24"]
[Round "2.10"]
[White "Pastuszko, Kinga"]
[Black "Prokopowicz, Anna"]
[Result "1-0"]
[WhiteTitle "k"]
[BlackTitle "I"]
[WhiteElo "1917"]
[BlackElo "1347"]

1. g3 e5 2. c4 Nc6 3. Bg2 f5 4. a3 d6 5. d3 Nf6 6. Nc3 g6 7. e3 Bg7 8. Nge2 O-O
9. O-O Be6 10. b4 d5 11. cxd5 Nxd5 12. Bb2 f4 13. Bxd5 Bxd5 14. Nxd5 Qxd5 15.
e4 Qd7 16. f3 fxg3 17. hxg3 Rad8 18. Qb3+ Kh8 19. Rad1 Bh6 20. Kg2 Be3 21. Bc1
Bxc1 22. Nxc1 Nd4 23. Qb2 Rf7 24. Nb3 Nxb3 25. Qxb3 Rdf8 26. Qc3 Qd4 27. Qxd4
exd4 28. Rc1 g5 29. Rc5 h6 30. Rd5 Rf6 31. Rxd4 Ra6 32. f4 Rxa3 33. f5 Rb3 34.
g4 Rf6 35. e5 Rc6 36. e6 Rc2+ 37. Kf3 Rbb2 38. e7 Re2 39. Re4 Rxe4 40. dxe4 1-0

[Event "Indywidualne Mistrzostwa Polski Juniorek - D16"]
[Site "Szczyrk"]
[Date "2013-03-24"]
[Round "2.11"]
[White "Kowacz, Agnieszka"]
[Black "Jedrocha, Katarzyna"]
[Result "0-1"]
[WhiteTitle "II"]
[BlackTitle "I"]
[WhiteElo "1378"]
[BlackElo "1668"]

1. b4 e6 2. Bb2 Nf6 3. a3 c5 4. b5 d5 5. e3 Be7 6. Nf3 O-O 7. c4 Nbd7 8. Qc2 b6
9. Be2 Bb7 10. O-O h6 11. Qb3 Rc8 12. d4 cxd4 13. Bxd4 Nc5 14. Bxc5 Rxc5 15. Nbd2
Ne8 16. Rad1 Qb8 17. Rc1 Nd6 18. Ne5 Rd8 19. Ndf3 dxc4 20. Bxc4 Nxc4 21. Nxc4
Qc7 22. a4 Bxf3 23. gxf3 Rc8 24. Qb4 Rg5+ 25. Kh1 Bxb4 0-1

[Event "Indywidualne Mistrzostwa Polski Juniorek - D16"]
[Site "Szczyrk"]
[Date "2013-03-24"]
[Round "2.12"]
[White "Swiech, Zuzanna"]
[Black "Kasperek, Kinga"]
[Result "0-1"]
[WhiteTitle "II"]
[BlackTitle "I"]
[WhiteElo "1481"]
[BlackElo "1558"]

1. e4 c5 2. Nf3 Nc6 3. d4 cxd4 4. Nxd4 g6 5. Be3 Bg7 6. c3 Nf6 7. f3 O-O 8. Be2
d5 9. Nxc6 bxc6 10. exd5 Nxd5 11. Bd4 Rb8 12. b3 c5 13. Bxg7 Kxg7 14. Qd2 Bb7
15. O-O Qb6 16. c4 Nb4 17. Nc3 Rfd8 18. Qb2 Qf6 19. Rab1 Nd3 20. Qc2 Qd4+ 21.
Kh1 Nf2+ 22. Kg1 Nh3+ 23. Kh1 Qg1+ 24. Rxg1 Nf2# 0-1

[Event "Indywidualne Mistrzostwa Polski Juniorek - D16"]
[Site "Szczyrk"]
[Date "2013-03-24"]
[Round "2.13"]
[White "Kozaczynska, Aleksandra"]
[Black "Skrzypczak, Edyta"]
[Result "1-0"]
[WhiteTitle "I"]
[BlackTitle "II+"]
[WhiteElo "1552"]
[BlackElo "1526"]

1. e4 a6 2. d4 b5 3. Be3 Bb7 4. f3 Nf6 5. Qd2 e6 6. Bd3 d6 7. Ne2 Be7 8. g4 c5
9. dxc5 dxc5 10. c4 Nc6 11. g5 Nd7 12. f4 bxc4 13. Bxc4 Nb6 14. Qc3 Nxc4 15. Qxc4
Nb4 16. O-O Qd3 17. Qxd3 Nxd3 18. Nbc3 O-O 19. b3 f6 20. gxf6 Rxf6 21. Rad1 Rd8
22. Rd2 e5 23. fxe5 Rxf1+ 24. Kxf1 Rf8+ 25. Kg1 Nxe5 26. Kg2 Ng4 27. Bg1 Nf6 28.
Ng3 Re8 29. Kf3 g5 30. Re2 Bc8 31. Ke3 Bd6 32. Kd3 a5 33. Kc2 Ba6 34. Re1 c4 35.
Bd4 cxb3+ 36. axb3 Bxg3 37. hxg3 Nh5 38. Re3 Ng7 39. Nd5 Rc8+ 40. Kb2 Kf7 41.
Rf3+ Ke8 42. Bxg7 Be2 43. Rf8+ Kd7 44. Nb6+ 1-0

[Event "Indywidualne Mistrzostwa Polski Juniorek - D16"]
[Site "Szczyrk"]
[Date "2013-03-24"]
[Round "2.14"]
[White "Czaplewska, Klara"]
[Black "Rynkiewicz, Natalia"]
[Result "1-0"]
[WhiteTitle "I++"]
[BlackTitle "II"]
[WhiteElo "1730"]
[BlackElo "1357"]

1. e4 c5 2. Nf3 e6 3. d4 cxd4 4. Nxd4 a6 5. Bd3 Bc5 6. Nb3 Ba7 7. Nc3 Nc6 8. O-O
d6 9. Qf3 Qf6 10. Qg3 Ne5 11. Bf4 Ne7 12. Rad1 N7c6 13. Be2 Bb8 14. Bg5 Qg6 15.
f4 h6 16. fxe5 Qxg5 17. Qxg5 hxg5 18. exd6 Ba7+ 19. Kh1 b5 20. a4 b4 21. Na2 Rb8
22. Nac1 f6 23. Nd3 Nd4 24. Nxd4 Bxd4 25. c3 bxc3 26. bxc3 Bxc3 27. Nc5 Bd7 28.
Nxa6 Rc8 29. Bb5 Be5 30. h3 g4 31. Rd3 gxh3 32. gxh3 Rh4 33. Re1 g5 34. Nc7+ Kd8
35. Kg2 Bxb5 36. axb5 Kd7 37. b6 Rhh8 38. b7 Rb8 39. Rb1 Rhd8 40. Na6 Ke8 41.
Nxb8 Rxb8 42. d7+ Kd8 43. Kf3 Bf4 44. Kg4 Be5 45. Kh5 Bf4 46. Kg6 Be5 47. Kf7
1-0

[Event "Indywidualne Mistrzostwa Polski Juniorek - D16"]
[Site "Szczyrk"]
[Date "2013-03-24"]
[Round "2.15"]
[White "Rolka, Anna"]
[Black "Maruszczak, Joanna"]
[Result "0-1"]
[WhiteTitle "II"]
[BlackTitle "I++"]
[WhiteElo "1491"]
[BlackElo "1803"]

1. d4 Nf6 2. Nf3 g6 3. Bg5 Bg7 4. e3 O-O 5. Be2 d6 6. c4 Nbd7 7. Nc3 c5 8. d5 Nb8
9. h3 Qa5 10. O-O h6 11. Bh4 g5 12. Bg3 Bf5 13. Nd2 Qb4 14. Qc1 Bg6 15. a3 Qb6
16. Bd1 Nbd7 17. Bc2 a6 18. Bxg6 fxg6 19. Qc2 Kh7 20. Rab1 Rac8 21. f3 Rf7 22.
b3 Qc7 23. Nce4 b5 24. Nxf6+ Nxf6 25. Ne4 Nxe4 26. Qxe4 Qa5 27. Be1 Qxa3 28. Bd2
Bf6 29. Qc2 Rb8 30. cxb5 axb5 31. Bc3 Qa7 32. Ra1 Qb6 33. Bxf6 exf6 34. Kh1 Re8
35. Rfe1 Rfe7 36. e4 f5 37. Re2 b4 38. Rae1 Qa6 39. Re3 Re5 40. Qd2 f4 41. R3e2
Ra8 42. Qb2 Qa3 43. Rb1 Qxb2 44. Rbxb2 Kg7 45. Ra2 Rxa2 46. Rxa2 Re7 47. Ra6 Rd7
48. Ra8 Kf6 49. Re8 Re7 50. Rxe7 Kxe7 51. Kg1 Kf6 52. Kf2 Ke5 53. Ke2 Kd4 54.
Kd2 h5 55. Ke2 g4 56. h4 Ke5 57. Kd3 gxf3 58. gxf3 Kf6 59. Ke2 g5 60. Kf2 gxh4
61. Kg2 c4 62. bxc4 b3 63. c5 dxc5 64. Kh3 b2 65. d6 b1=Q 66. e5+ Kxe5 67. Kxh4
Kf5 68. Kxh5 Qh1# 0-1

[Event "Indywidualne Mistrzostwa Polski Juniorek - D16"]
[Site "Szczyrk"]
[Date "2013-03-24"]
[Round "2.16"]
[White "Binkowska, Agata"]
[Black "Wilk, Oktawia"]
[Result "1-0"]
[WhiteTitle "I"]
[BlackTitle "I"]
[WhiteElo "1637"]
[BlackElo "1506"]

1. e4 e6 2. d4 d5 3. e5 c5 4. c3 Nc6 5. Nf3 Qb6 6. Bd3 Bd7 7. O-O cxd4 8. cxd4
Nxd4 9. Nxd4 Qxd4 10. Qe2 Ne7 11. Kh1 Nc6 12. f4 a6 13. a3 Qa7 14. b4 b5 15. Be3
Qb7 16. Nd2 Be7 17. Rac1 Rb8 18. Qg4 g6 19. Nb3 h5 20. Qg3 Ra8 21. Rc2 a5 22.
Nc5 Bxc5 23. Bxc5 axb4 24. Qg5 Rg8 25. Bd6 bxa3 26. Ra1 b4 27. Bb5 Ra7 28. Bxc6
Bxc6 29. Bxb4 Qxb4 30. Rxc6 a2 31. h3 Qb1+ 32. Rc1 Qb7 33. Qg3 Kd7 34. f5 exf5
35. Qc3 Rc8 36. e6+ fxe6 37. Qg7+ Kd6 38. Qf6 Rxc1+ 39. Rxc1 Qg7 40. Qd8+ Qd7
41. Qf8+ Ke5 42. Re1+ Kf4 43. Qh6+ Kg3 44. Qe3+ Kh4 45. Qf4# 1-0

[Event "Indywidualne Mistrzostwa Polski Juniorek - D16"]
[Site "Szczyrk"]
[Date "2013-03-24"]
[Round "2.17"]
[White "Ostrowska, Joanna"]
[Black "Rogacka, Natalia"]
[Result "0-1"]
[WhiteTitle "II+"]
[BlackTitle "II+"]
[WhiteElo "1541"]
[BlackElo "1484"]

1. e4 c5 2. Nc3 d6 3. f4 e6 4. Nf3 Nf6 5. e5 dxe5 6. fxe5 Nd5 7. Ne4 Be7 8. c4
Nb4 9. d3 O-O 10. a3 N4c6 11. Be3 b6 12. Qd2 Bb7 13. O-O-O Nd7 14. Qf2 Ndxe5 15.
Qg3 Nxf3 16. gxf3 Nd4 17. Bxd4 Qxd4 18. h4 Kh8 19. Bg2 Bf6 20. Nxf6 Qxf6 21. Rhg1
Rad8 22. f4 Bxg2 23. Rxg2 Rd4 24. Rf2 h6 25. Rh1 Rfd8 26. Rf3 Qf5 27. Kc2 Rxc4+
28. Kd2 Rcd4 29. Rg1 Qf6 30. b3 c4 31. bxc4 Rxc4 32. f5 Qb2+ 33. Ke3 Qd4+ 34.
Kd2 Qc3+ 35. Ke2 Qb2+ 36. Ke3 Rc2 37. Qg4 Re2+ 38. Kf4 Qe5# 0-1

[Event "Indywidualne Mistrzostwa Polski Juniorek - D16"]
[Site "Szczyrk"]
[Date "2013-03-24"]
[Round "2.18"]
[White "Szablicka, Magda"]
[Black "Burdzy, Joanna"]
[Result "1/2-1/2"]
[WhiteTitle "II"]
[BlackTitle "I"]
[WhiteElo "1451"]
[BlackElo "1529"]

1. e4 e5 2. Nf3 Nc6 3. Bc4 Bc5 4. O-O Nf6 5. d4 Bxd4 6. Nxd4 Nxd4 7. Be3 Nc6 8.
f4 d6 9. fxe5 Nxe5 10. Bd3 h6 11. Bd4 Qe7 12. Nc3 Be6 13. Bxe5 dxe5 14. h3 O-O-O
15. Qe2 g5 16. Rfd1 g4 17. Kh2 Nh5 18. Ba6 bxa6 19. Qxa6+ Kb8 20. Qb5+ Kc8 21.
Qa6+ Kb8 22. Qb5+ Kc8 23. Qa6+ Kb8 1/2-1/2

[Event "Indywidualne Mistrzostwa Polski Juniorek - D16"]
[Site "Szczyrk"]
[Date "2013-03-24"]
[Round "2.19"]
[White "Sokolowska, Anna"]
[Black "Mielczarek, Joanna"]
[Result "1-0"]
[WhiteTitle "I"]
[BlackTitle "I"]
[WhiteElo "1526"]
[BlackElo "1470"]

1. e4 d6 2. d4 g6 3. c4 Bg7 4. Be3 Nf6 5. Nc3 O-O 6. h3 Nbd7 7. Nf3 Re8 8. Bd3
e5 9. d5 b6 10. O-O Nc5 11. Bc2 a5 12. Nd2 Rf8 13. Na4 Nh5 14. Nxc5 dxc5 15. Qf3
f5 16. exf5 Bxf5 17. Bxf5 Rxf5 18. Qe4 Nf4 19. Bxf4 exf4 20. Rab1 Qe8 21. Qf3
Qa4 22. d6 Rc8 23. Qb7 Qd7 24. Rfe1 Be5 25. Qd5+ Qf7 26. Rxe5 Qxd5 27. Rxd5 Rxd5
28. cxd5 cxd6 29. Nc4 Rb8 30. Rd1 b5 31. Nxd6 Kf8 32. Ne4 c4 33. Ng5 h6 34. Ne6+
Ke7 35. Nxf4 g5 36. d6+ Kd7 37. Ng6 Rd8 38. Ne5+ Ke6 39. Re1 Kf6 40. d7 h5 41.
g3 b4 42. f4 gxf4 43. gxf4 Kf5 44. Rf1 c3 45. bxc3 bxc3 46. Kg2 Ke4 47. Rf2 h4
48. Kf1 Kf5 49. Ke2 Ke4 50. Kd1 Rb8 51. Kc2 Rb2+ 52. Kxc3 Rxf2 53. d8=Q Rxf4 54.
Nd3 1-0

[Event "Indywidualne Mistrzostwa Polski Juniorek - D16"]
[Site "Szczyrk"]
[Date "2013-03-24"]
[Round "2.20"]
[White "Kotula, Magdalena"]
[Black "Szczesniak, Zuzanna"]
[Result "0-1"]
[WhiteTitle "I"]
[BlackTitle "II"]
[WhiteElo "1520"]
[BlackElo "1421"]

1. e4 c5 2. Nf3 e6 3. Nc3 a6 4. d4 cxd4 5. Qxd4 Nc6 6. Qd1 Qc7 7. Bd3 Nf6 8. O-O
Be7 9. Qe2 O-O 10. h3 b5 11. e5 Ne8 12. Bf4 f6 13. Bh2 fxe5 14. Bxe5 Nxe5 15.
Nxe5 Nf6 16. Ng4 Bb7 17. Nxf6+ Rxf6 18. Rad1 Raf8 19. Ne4 Bxe4 20. Qxe4 g6 21.
Be2 Bc5 22. Bf3 d5 23. Qe2 Ba7 24. Rd2 Bb8 25. g3 Rxf3 26. Qxe6+ Qf7 27. Re1 Qxe6
28. Rxe6 Ba7 29. Ree2 Rxg3+ 30. Kh2 Rgf3 31. Rxd5 Rxf2+ 32. Rxf2 Rxf2+ 33. Kg3
Rf7 34. Kg4 Be3 35. Rd6 h5+ 36. Kh4 Rf4+ 37. Kg3 h4+ 38. Kg2 Rf2+ 39. Kh1 Kf7
40. Rxa6 Rxc2 41. b3 b4 42. a3 bxa3 43. Rxa3 Rc3 44. Kg2 Bc5 45. Ra5 Rg3+ 46.
Kf1 Bd6 47. Rb5 Rxh3 48. Rb7+ Kf6 49. b4 Rb3 50. b5 h3 51. Rh7 h2 52. Kg2 Rxb5
53. Rh3 Kg5 0-1

[Event "Indywidualne Mistrzostwa Polski Juniorek - D16"]
[Site "Szczyrk"]
[Date "2013-03-24"]
[Round "2.21"]
[White "Rylska, Kamila"]
[Black "Rudol, Matylda"]
[Result "0-1"]
[WhiteTitle "II"]
[BlackTitle "II+"]
[WhiteElo "1348"]
[BlackElo "1510"]

1. e4 d5 2. exd5 Qxd5 3. Nc3 Qa5 4. d4 Nf6 5. Nf3 c6 6. Bd2 Bf5 7. Bc4 e6 8. O-O
Qc7 9. Ne5 Bd6 10. Re1 O-O 11. h3 Nbd7 12. f4 a6 13. Qf3 c5 14. Be3 cxd4 15. Bxd4
Bxe5 16. fxe5 Qxc4 17. exf6 Qxd4+ 18. Kh1 Nxf6 19. Rad1 Qb6 20. b3 Rfd8 21. Rc1
h6 22. Qf4 Rac8 23. Na4 Qc7 24. Qf2 Ne4 25. Qe3 Qg3 26. Qe2 Rd2 27. Qf1 Nf2+ 28.
Kg1 Nxh3+ 29. Kh1 Rf2 30. gxh3 Qh2# 0-1

[Event "Indywidualne Mistrzostwa Polski Juniorek - D16"]
[Site "Szczyrk"]
[Date "2013-03-24"]
[Round "2.22"]
[White "Bebel, Agnieszka"]
[Black "Leszczewska, Edyta"]
[Result "1-0"]
[WhiteTitle "II+"]
[BlackTitle "II"]
[WhiteElo "1507"]
[BlackElo "1389"]

1. e4 e5 2. Nf3 Nc6 3. Bb5 Nf6 4. O-O Nxe4 5. Re1 Nd6 6. Nxe5 Be7 7. Ba4 O-O 8.
d4 Nf5 9. c3 Nxe5 10. Rxe5 d6 11. Re1 d5 12. Nd2 Be6 13. Nf3 Nh4 14. Ne5 f6 15.
Nd3 Bf7 16. g3 Nf5 17. Qg4 Bg6 18. Nf4 Nh6 19. Qe6+ Rf7 20. Nxd5 Bf5 21. Nxe7+
Kf8 22. Nxf5 Nxf5 23. Qxf5 1-0

[Event "Indywidualne Mistrzostwa Polski Juniorek - D16"]
[Site "Szczyrk"]
[Date "2013-03-24"]
[Round "3.1"]
[White "Lascar, Radoslawa"]
[Black "Harazinska, Ewa"]
[Result "0-1"]
[WhiteTitle "I"]
[BlackTitle "k"]
[WhiteElo "1728"]
[BlackElo "2019"]

1. e4 c5 2. Nf3 d6 3. d4 cxd4 4. Nxd4 Nf6 5. Nc3 a6 6. h3 Nc6 7. g4 Qb6 8. Nde2
e6 9. Bg2 Be7 10. O-O O-O 11. b3 Qc7 12. Ba3 Rd8 13. Qc1 Rb8 14. f4 b5 15. Bb2
Bb7 16. Qd2 d5 17. exd5 Nb4 18. g5 Nfxd5 19. Nxd5 Bxd5 20. Bxd5 Rxd5 21. Qc3 Qxc3
22. Bxc3 Nxc2 23. Rac1 Ne3 24. Rfe1 Ba3 25. Be5 Bxc1 26. Bxb8 Bd2 27. Rb1 f6 28.
gxf6 gxf6 29. Kf2 Rd7 30. f5 Nxf5 31. Bh2 Rd3 32. Nf4 Bxf4 33. Bxf4 e5 34. Bh2
Rd2+ 0-1

[Event "Indywidualne Mistrzostwa Polski Juniorek - D16"]
[Site "Szczyrk"]
[Date "2013-03-24"]
[Round "3.2"]
[White "Wozniak, Mariola"]
[Black "Kopica, Paulina"]
[Result "1-0"]
[WhiteTitle "WCM"]
[BlackTitle "I"]
[WhiteElo "1982"]
[BlackElo "1706"]

1. e4 c5 2. Nf3 d6 3. d4 cxd4 4. Nxd4 Nf6 5. Nc3 g6 6. Be3 Bg7 7. f3 O-O 8. Qd2
Nc6 9. Bc4 Bd7 10. O-O-O Rc8 11. Bb3 Ne5 12. g4 Nc4 13. Bxc4 Rxc4 14. h4 h5 15.
gxh5 Nxh5 16. Rhg1 b5 17. b3 Rc8 18. Nce2 e5 19. Nf5 gxf5 20. Bh6 Kh7 21. Bxg7
Nxg7 22. Rxg7+ Kxg7 23. Rg1+ Kh7 24. Rg5 f4 25. Rh5+ Kg6 26. Rg5+ Kf6 27. Qxd6+
Be6 28. Rf5+ Kg6 29. Rg5+ Kh6 30. Qxe5 f6 31. Rh5+ Kg7 32. Qxe6 Qb6 33. Qg4+ Kf7
34. Rh7+ Ke8 35. Qd7+ 1-0

[Event "Indywidualne Mistrzostwa Polski Juniorek - D16"]
[Site "Szczyrk"]
[Date "2013-03-24"]
[Round "3.3"]
[White "Jaskiewicz, Kamila"]
[Black "Kiolbasa, Oliwia"]
[Result "0-1"]
[WhiteTitle "I"]
[BlackTitle "WFM"]
[WhiteElo "1663"]
[BlackElo "1897"]

1. d4 d5 2. g3 g6 3. Bg2 Bg7 4. Nf3 Nf6 5. O-O O-O 6. b3 Bf5 7. Bb2 c6 8. Nbd2
Ne4 9. Re1 a5 10. a4 Na6 11. Nh4 Nxd2 12. Nxf5 Nxb3 13. Nxe7+ Qxe7 14. cxb3 Rfe8
15. Qd2 Nc7 16. Bc3 Ne6 17. e3 Qd8 18. h4 h5 19. Reb1 g5 20. hxg5 Qxg5 21. Qd3
Qf6 22. b4 axb4 23. Bxb4 Qg6 24. Qd1 Ng5 25. Bc5 Ne4 26. Bxe4 Rxe4 27. Rxb7 h4
28. Qf3 hxg3 29. fxg3 Bf8 30. Bxf8 Kxf8 31. a5 Re7 32. Rb6 Qd3 33. Kf2 Qc2+ 34.
Qe2 Qf5+ 35. Ke1 Qg5 36. Kd2 Qxg3 37. Rxc6 Rb7 38. a6 Rb2+ 39. Rc2 Rxc2+ 40. Kxc2
Qg6+ 41. Qd3 Rc8+ 42. Kd2 Qg2+ 43. Qe2 Rc2+ 44. Kxc2 Qxe2+ 45. Kb1 Qd3+ 46. Kb2
Qd2+ 47. Kb1 Qe1+ 48. Kb2 Qf2+ 49. Kb1 Qg1+ 50. Kb2 Qh2+ 51. Kc3 Qc7+ 52. Kb3
Qa7 53. Kb4 0-1

[Event "Indywidualne Mistrzostwa Polski Juniorek - D16"]
[Site "Szczyrk"]
[Date "2013-03-24"]
[Round "3.4"]
[White "Dadello, Aleksandra"]
[Black "Bebnik, Malgorzata"]
[Result "1/2-1/2"]
[WhiteTitle "I++"]
[BlackTitle "II+"]
[WhiteElo "1909"]
[BlackElo "1503"]

1. e4 e5 2. Nf3 Nc6 3. Bc4 Bc5 4. d3 h6 5. c3 Nf6 6. b4 Bb6 7. b5 Ne7 8. Nxe5 O-O
9. O-O d6 10. Nf3 Ng6 11. Nbd2 Be6 12. a4 c6 13. Ba3 Re8 14. Re1 Qd7 15. Qc2 Bg4
16. d4 Nf4 17. Bf1 Bh5 18. bxc6 bxc6 19. e5 Qg4 20. Kh1 Bg6 21. Qd1 dxe5 22. Nxe5
Qc8 23. Qf3 N4d5 24. Nxg6 fxg6 25. Nc4 Bc7 26. Ne5 Bxe5 27. dxe5 Ng4 28. Bd6 Qf5
29. Kg1 h5 30. Bd3 Qe6 31. h3 Nh6 32. Be4 Nf5 33. Bxf5 Qxf5 34. Qxf5 gxf5 35.
Ra3 Rad8 36. Rb1 Nb6 37. Bc7 Nc4 38. Ra2 Rd7 39. Rb8 Rxb8 40. Bxb8 Rb7 41. Bd6
Rd7 42. Ra1 Nxd6 43. Rd1 Kf7 44. exd6 Ke6 45. f4 Rxd6 46. Re1+ Kd7 47. Re5 Rd5
48. Re2 Rc5 49. Rb2 Kc7 50. Re2 Kd7 1/2-1/2

[Event "Indywidualne Mistrzostwa Polski Juniorek - D16"]
[Site "Szczyrk"]
[Date "2013-03-24"]
[Round "3.5"]
[White "Ziemba, Magdalena"]
[Black "Pastuszko, Kinga"]
[Result "0-1"]
[WhiteTitle "I"]
[BlackTitle "k"]
[WhiteElo "1537"]
[BlackElo "1917"]

1. d4 f5 2. c4 Nf6 3. Nc3 d6 4. g3 g6 5. Bg2 Bg7 6. Nf3 O-O 7. O-O e6 8. e3 Nc6
9. Bd2 e5 10. d5 Nb8 11. Qc2 e4 12. Nd4 Na6 13. Nce2 Nc5 14. Nc1 a5 15. Ncb3 a4
16. Nxc5 dxc5 17. Ne2 Ng4 18. Bc3 Ne5 19. Rab1 Qg5 20. Nf4 Qh6 21. Qd1 g5 22.
Qh5 gxf4 23. Qxh6 Nf3+ 24. Bxf3 Bxh6 25. Bh5 fxe3 26. fxe3 Bxe3+ 27. Kh1 Bd4 28.
Bxd4 cxd4 29. g4 fxg4 30. Rxf8+ Kxf8 31. Rg1 e3 32. Re1 Kg7 33. Kg2 Bd7 34. Kg3
Rf8 35. Bxg4 Bxg4 36. Kxg4 Rf2 37. c5 Kf6 38. Kg3 Ke5 39. d6 cxd6 40. cxd6 Kxd6
41. Rd1 Rd2 0-1

[Event "Indywidualne Mistrzostwa Polski Juniorek - D16"]
[Site "Szczyrk"]
[Date "2013-03-24"]
[Round "3.6"]
[White "Kasperek, Kinga"]
[Black "Gora, Antonina"]
[Result "0-1"]
[WhiteTitle "I"]
[BlackTitle "I++"]
[WhiteElo "1558"]
[BlackElo "1831"]

1. c4 Nf6 2. Nc3 g6 3. g3 Bg7 4. Bg2 O-O 5. Nf3 d6 6. O-O e5 7. d4 Nbd7 8. e3 Ne8
9. b3 f5 10. Bb2 e4 11. Ne1 Nef6 12. Nc2 Qe8 13. Qe2 c6 14. Rfd1 a6 15. a4 g5
16. b4 Qg6 17. b5 a5 18. Ba3 Ne8 19. Rab1 Ndf6 20. c5 d5 21. Qd2 f4 22. exf4 gxf4
23. Ne2 Nh5 24. gxf4 Bh6 25. Ng3 Nxf4 26. Ne3 Bh3 27. Qc3 Bxg2 28. Nxg2 Nh3+ 0-1

[Event "Indywidualne Mistrzostwa Polski Juniorek - D16"]
[Site "Szczyrk"]
[Date "2013-03-24"]
[Round "3.7"]
[White "Jedrocha, Katarzyna"]
[Black "Wojna, Ewelina"]
[Result "1/2-1/2"]
[WhiteTitle "I"]
[BlackTitle "II+"]
[WhiteElo "1668"]
[BlackElo "1572"]

1. e4 c5 2. Nf3 Nc6 3. Bb5 g6 4. O-O Bg7 5. c3 e5 6. Re1 Nge7 7. Na3 O-O 8. Nc2
Qb6 9. Bf1 d6 10. d3 f5 11. Ne3 Qc7 12. h3 a6 13. a4 Bd7 14. Qb3+ Kh8 15. Ng5
h6 16. Ne6 Bxe6 17. Qxe6 Rf6 18. Qb3 Raf8 19. Qc2 Kh7 20. Nd1 d5 21. exd5 Nxd5
22. Ne3 Nce7 23. Qb3 Rd6 24. Be2 Nf4 25. Qc2 Rfd8 26. Rd1 Qd7 27. Nc4 Nxe2+ 28.
Qxe2 Rxd3 29. Re1 Nc6 30. Be3 Qd5 31. Na3 c4 32. Nc2 f4 33. Bc1 Rf8 34. Qg4 h5
35. Qe2 f3 36. Qf1 fxg2 37. Qxg2 Qd7 38. Ne3 Na5 39. Kh1 Nb3 40. Ra2 Qf7 41. Kg1
Bh6 42. a5 Nxc1 43. Rxc1 Bxe3 44. fxe3 Rxe3 45. Rd1 e4 46. Raa1 Qc7 47. Rf1 Rg3
48. Rxf8 Rxg2+ 49. Kxg2 e3 50. Re1 Qxa5 51. Rxe3 Qg5+ 52. Kf2 Kg7 53. Rff3 b5
54. Kf1 Qd5 55. Ke1 Kh6 56. h4 Qd8 57. Re4 Qa5 1/2-1/2

[Event "Indywidualne Mistrzostwa Polski Juniorek - D16"]
[Site "Szczyrk"]
[Date "2013-03-24"]
[Round "3.8"]
[White "Murawko, Katarzyna"]
[Black "Kozaczynska, Aleksandra"]
[Result "1-0"]
[WhiteTitle "I++"]
[BlackTitle "I"]
[WhiteElo "1873"]
[BlackElo "1552"]

1. e4 e5 2. Nf3 Nc6 3. Bb5 a6 4. Ba4 Nf6 5. d3 b5 6. Bb3 Be7 7. O-O O-O 8. c3 d6
9. Re1 Bb7 10. Nbd2 Na5 11. Bc2 c5 12. Nf1 Re8 13. Ng3 Bf8 14. Nf5 h6 15. h3 Kh7
16. Ng3 Rc8 17. Nh2 Qb6 18. Ng4 Ng8 19. f4 b4 20. Kh2 Bc6 21. Qf3 Qc7 22. Rf1
Re7 23. Be3 Bd7 24. f5 f6 25. Bd2 Qb6 26. Ne3 Bc6 27. Ne2 Rb7 28. g4 Ne7 29. h4
Be8 30. g5 bxc3 31. bxc3 c4 32. d4 Nec6 33. Nd5 Qb2 34. Rac1 exd4 35. cxd4 Qxa2
36. gxf6 g6 37. fxg6+ Bxg6 38. h5 Be8 39. Qf5+ Kh8 40. Qxc8 Rb8 41. Qf5 Rb7 42.
e5 dxe5 43. Ne7 1-0